A byzantine prince latinized Theodore Palaeologus, Marquis of Montferrat

Αποθηκεύτηκε σε:
Λεπτομέρειες βιβλιογραφικής εγγραφής
Κύριος συγγραφέας: Laiou, Angeliki E.
Μορφή: Βιβλίο
Γλώσσα:English
Δημοσίευση: Brussels : [s.n.], 1969.
Θέματα:
Ετικέτες: Προσθήκη ετικέτας
Δεν υπάρχουν, Καταχωρήστε ετικέτα πρώτοι!

MARC

LEADER 00000cam a2200000 a 4500
001 1/121522
008 200609s1969####be |||||||||||||| ||eng||
040 |a GR-MyUa  |b gre  |c GR-MyUa  |e AACR2 
041 0 |a eng 
082 7 |a 938.38   |2 (23) 
100 1 |a Laiou, Angeliki E. 
245 1 2 |a A byzantine prince latinized   |h [ανάτυπο] :   |b Theodore Palaeologus, Marquis of Montferrat /   |c Laiou A. E.  
260 |a Brussels :   |b [s.n.],   |c 1969.  
300 |a 386-410 σ. ;   |c 24 εκ.  
500 |a Ανάτυπο από Byzantion, v. XXXVIII (1968).  
504 |a Περιλαμβάνει βιβλιογραφικές παραπομπές.  
651 0 |a Byzantine Empire  |x History  |y 1081-1453. 
852 |a INST  |b LESVOS  |e 20200609  |h 938.38 LAI  |p 005100062376  |q 005100062376  |t BK  |y 0 
920 |a Λαΐου  |b Αγγελική  |y Λέσβος  |z 2007-03 
970 |a Καμάτσου  |b Δέσποινα  |z 09-06-2020